Statystyki dla Rozpoznaj hymn narodowy danego kraju

Kliknij tutaj aby rozwiązać quiz!

Ogólne statystyki

  • Ten quiz został rozwiązany 121 razy
  • Średni wynik to 9 z 15

Statystyki odpowiedzi

Nazwa hymnuPaństwo% Poprawnych
Mazurek dąbrowskiegoPolska
100%
Nad tatrami się błyskaSłowacja
95%
Bracia WłosiWłochy
93%
Chorwacka Ojczyzna.Chorwacja
90%
Boże, chroń królowąWielka brytania
90%
Marsz wojenny armii RenuFrancja
70%
Marsz królewskiHiszpania
70%
Oda do radościUnia Europejska
70%
Gwieździsty sztandarUSA
67%
pieśń Jana Gana ManaIndie
44%
Mój złoty Bengalbangladesz
37%
Hymn do WolnościGrecja
26%
Moja ojczyzna, masz moją miłość i moje serceEgipt
10%
Pieśń o Miłości do OjczyznyKorea północna
7%
Hej, Słowianiesłowianie
6%

Rozkład punktacji

Percentyl według liczby udzielonych odpowiedzi

Procent ludzi z każdym wynikiem

Twoja historia wyników

Nie rozwiązałeś tego quizu